| 000 | 00636nam a2200241Ia 4500 | ||
|---|---|---|---|
| 003 | OSt | ||
| 005 | 20220918214522.0 | ||
| 006 | a|||||r|||| 00| 0 | ||
| 007 | ta | ||
| 008 | 220917b |||||||| |||| 00| 0 eng d | ||
| 024 | _a137,824 | ||
| 037 | _cTextual | ||
| 040 |
_aARTS _cARTS _beng |
||
| 041 |
_2eng _aeng |
||
| 082 | _aY:1v6.N7, L2 | ||
| 100 |
_aMurphy E Jefferson _9131599 |
||
| 245 | 0 | _aHistory of African civilization | |
| 260 |
_aNew York _bThomas Y Crowell _c1972 |
||
| 300 |
_a430p. _ccm. |
||
| 650 | _aSOCIOLOGY | ||
| 942 |
_hY:1v6.N7, L2 _cTEXL _2CC |
||
| 999 |
_c260898 _d260898 |
||